BIBLIOTECA PODER JUDICIAL
Portal Judicial TDF

Medidas para el cumplimiento de la obligación alimentaria. La afectación de derechos y libertades individuales en procura de la eficacia / (Registro nro. 5391)

000 -LEADER
fixed length control field 01423nab a22002177a 4500
003 - CONTROL NUMBER IDENTIFIER
control field OSt
005 - DATE AND TIME OF LATEST TRANSACTION
control field 20250310125548.0
008 - FIXED-LENGTH DATA ELEMENTS--GENERAL INFORMATION
fixed length control field 190604e xxu||||| |||| 00| 0 spa d
040 ## - CATALOGING SOURCE
Transcribing agency PJ
100 ## - MAIN ENTRY--PERSONAL NAME
9 (RLIN) 6419
Personal name Pirchio, Federico Carlos
245 10 - TITLE STATEMENT
Title Medidas para el cumplimiento de la obligación alimentaria. La afectación de derechos y libertades individuales en procura de la eficacia /
Statement of responsibility, etc Federico Carlos Pirchio.
260 ## - PUBLICATION, DISTRIBUTION, ETC. (IMPRINT)
Place of publication, distribution, etc Ciudad Autónoma de Buenos Aires :
Name of publisher, distributor, etc Thomson Reuters La Ley,
Date of publication, distribution, etc 2024.
300 ## - PHYSICAL DESCRIPTION
Extent p. 95-107
500 ## - GENERAL NOTE
General note Cita Online: TR LALEY AR/DOC/2086/2024.
505 ## - FORMATTED CONTENTS NOTE
Formatted contents note Sumario: I. Introducción.— II. Aplicación práctica. Casuística.— III. El bien jurídico protegido: el derecho alimentario.— IV. El incumplimiento reiterado como presupuesto de las medidas.— V. Naturaleza jurídica de las medidas: sanción civil con finalidad de compeler al cumplimiento. La eficacia como fin inmediato.— VI. La razonabilidad como límite de las medidas.— VII. Análisis sistémico de la legitimidad de las medidas.— VIII. Conclusión.<br/><br/>
505 ## - FORMATTED CONTENTS NOTE
Title ¿Te interesa el texto completo? Solicitalo al correo: koha@justierradelfuego.gov.ar<br/>
650 #0 - SUBJECT ADDED ENTRY--TOPICAL TERM
9 (RLIN) 968
Topical term or geographic name as entry element ALIMENTOS
650 #0 - SUBJECT ADDED ENTRY--TOPICAL TERM
9 (RLIN) 1497
Topical term or geographic name as entry element CODIGO CIVIL Y COMERCIAL
773 0# - HOST ITEM ENTRY
Host Biblionumber 2714
Host Itemnumber 3171
Place, publisher, and date of publication Ciudad Autónoma de Buenos Aires : Thomson Reuters La Ley, 2014-
Title Revista anales de legislación argentina. Nº 11 - Noviembre 2024.
942 ## - ADDED ENTRY ELEMENTS (KOHA)
Source of classification or shelving scheme
Koha item type Analítica Artículo de Revista

No hay ítems disponibles.

12 de Octubre 789 Ushuaia - Tel:  54(02901)441571
Horario de Atención: 8.00 a 17.00 hs. 
bibliotecaush@justierradelfuego.gov.ar
koha@justierradelfuego.gov.ar
Seguinos en nuestras redes @bibliojustdf 

Con tecnología Koha